000 00702cam a22002413a 4500
001 16096
003 PGUSA
005 20140828083338.0
008 050620s2005||||xxu|||||s|||||000 1 eng d
040 _aPGUSA
_beng
042 _adc
050 4 _aPS
100 1 _aNorris, Frank,
_d1870-1902
245 1 2 _aA Man's Woman
_h[electronic resource] /
_cFrank Norris
260 _bProject Gutenberg,
_c2005
506 _aPublic domain in the USA.
516 _aElectronic text
653 _aArctic regions -- Discovery and exploration -- Fiction
653 _aMan-woman relationships -- Fiction
830 0 _aProject Gutenberg
_v16096
856 4 0 _uhttp://www.gutenberg.org/ebooks/16096
942 _cEB
999 _c245351
_d245351